Khảo sát nhân vật mồ côi trong truyện cổ H'Mông

Salvato in:
Dettagli Bibliografici
Autore principale: Lê, Trung Vũ
Natura: Libro
Lingua:Undetermined
Pubblicazione: Hà Nội Dân trí 2010
Soggetti:
Tags: Aggiungi Tag
Nessun Tag, puoi essere il primo ad aggiungerne! !
Thư viện lưu trữ: Trung tâm Học liệu Trường Đại học Cần Thơ
LEADER 00568nam a2200181Ia 4500
001 CTU_164021
008 210402s9999 xx 000 0 und d
082 |a 398.209597 
082 |b V500 
100 |a Lê, Trung Vũ 
245 0 |a Khảo sát nhân vật mồ côi trong truyện cổ H'Mông 
245 0 |c Lê Trung Vũ 
260 |a Hà Nội 
260 |b Dân trí 
260 |c 2010 
650 |a Folk literature, vietnamese,Truyện dân gian, Việt Nam 
904 |i Qhieu 
980 |a Trung tâm Học liệu Trường Đại học Cần Thơ